000 00233nam a2200097Ia 4500
082 _aEF SUAR
245 0 _aDaemon
100 _a Suarez, Daniel London, 2009
_976199
942 _cBK
008 210817s9999 xx 000 0 und d
999 _c252965
_d252964